| 000 | 00672nam a2200193 a 4500 | ||
|---|---|---|---|
| 005 | 20220520063747.0 | ||
| 008 | 991125s1975 mx 000 0 spa u | ||
| 035 | _aUPN01000041809 | ||
| 049 | _aLT | ||
| 050 | 4 |
_aLB1641 M6.1 _bL3.5 LE |
|
| 100 | 1 |
_aLópez Reyes, Amalia _929072 |
|
| 245 | 1 | 0 |
_aNuestro mundo : _bprimer curso de historia / _cAmalia López Reyes, Ma. Ernestina Martínez Torres, José García Fuentes. |
| 260 |
_aMéxico : _bCECSA, _c1975. |
||
| 300 |
_a219 p. : _bil. |
||
| 650 | 4 |
_aHistoria _xEstudio y enseñanza (Secundaria) _95248 |
|
| 700 | 1 |
_aMartínez Torres, María Ernestina, _ecoaut. |
|
| 700 | 1 |
_aGarcía Fuentes, José, _ecoaut. |
|
| 905 | _aLibro | ||
| 999 |
_c41809 _d41809 |
||